000 01173cam a22003378i 4500
001 18957641
003 ARRUPE
005 20160908091754.0
008 160201s2016 nyu b 001 0 eng
010 _a 2016003367
020 _a9781626982031 (pbk.)
035 _a(DLC)18957641
035 _a(DLC)2016003367
040 _aDLC
_beng
_cDLC
_erda
042 _apcc
043 _af------
050 0 0 _aBX1746
_b.C5153 2016
082 0 0 _a282/.6
_223
245 0 4 _aThe church we want :
_bAfrican Catholics look to Vatican III /
_cedited by Agbonkhianmeghe E. Orobator.
260 _aNairobi
_bActon Publishers
_c2016
263 _a1111
300 _apages cm
504 _aIncludes bibliographical references and index.
650 0 _aChurch
_xCatholic Church.
_913540
650 0 _aChurch renewal
_925604
700 1 _aOrobator, A. E.,
_eeditor.
_98164
776 0 8 _iOnline version:
_tChurch we want
_dMaryknoll : Orbis Books, 2016
_z9781608336685
_w(DLC) 2016012879
906 _a0
_bvip
_corignew
_d1
_eecip
_f20
_gy-gencatlg
942 _2lcc
_cMONOGRAPH
999 _c125187
_d125187